000 00651nam a2200241Ia 4500
003 OSt
005 20220918175056.0
006 a|||||r|||| 00| 0
007 ta
008 220917b |||||||| |||| 00| 0 eng d
024 _a15,585
037 _cTextual
040 _aARTS
_cARTS
_beng
041 _2eng
_aeng
082 _aNA44,N8<-M8, N7 (RR)
100 _aLang Jon
_952814
245 0 _aArchitecture and indepentences
_b the search for identity India 1880 to 1980
260 _c1997
300 _axix,347p.
_ccm.
650 _aARTS
942 _hNA44,N8<-M8, N7 (RR)
_cTEXL
_2CC
999 _c155983
_d155983